Statistics for 2017 NBA Playoffs

Click here to take the quiz!

General Stats

  • This quiz has been taken 468 times
  • The average score is 29 of 40

Answer Stats

Hint Answer % Correct
First RoundBoston Celtics
95%
First RoundCleveland Cavaliers
89%
First RoundGolden State Warriors
89%
Conference SemifinalsGolden State Warriors
86%
First RoundSan Antonio Spurs
85%
Conference SemifinalsCleveland Cavaliers
85%
First RoundToronto Raptors
83%
Conference FinalsGolden State Warriors
83%
First RoundHouston Rockets
83%
NBA FinalsGolden State Warriors
82%
Conference SemifinalsSan Antonio Spurs
82%
Conference SemifinalsBoston Celtics
82%
NBA FinalsCleveland Cavaliers
81%
Conference FinalsCleveland Cavaliers
81%
Conference SemifinalsHouston Rockets
81%
Conference FinalsSan Antonio Spurs
80%
Conference SemifinalsToronto Raptors
79%
Conference FinalsBoston Celtics
79%
First RoundWashington Wizards
79%
First RoundOklahoma City Thunder
79%
First RoundIndiana Pacers
78%
First RoundUtah Jazz
77%
First RoundChicago Bulls
77%
First RoundPortland Trail Blazers
76%
Conference SemifinalsWashington Wizards
75%
Conference SemifinalsUtah Jazz
75%
First RoundLos Angeles Clippers
75%
Points NBA FinalsKevin Durant
72%
First RoundMilwaukee Bucks
72%
First RoundAtlanta Hawks
72%
First RoundMemphis Grizzlies
68%
Rebounds NBA FinalsLeBron James
66%
Assists NBA FinalsLeBron James
65%
Steals NBA FinalsS. Curry / K. Love
61%
Points PlayoffsRussell Westbrook
54%
Blocks NBA FinalsKevin Durant
51%
Assists PlayoffsRussell Westbrook
43%
Rebounds PlayoffsDeAndre Jordan
30%
Blocks PlayoffsAndre Roberson
6%
Steals PlayoffsRajon Rondo
5%

Score Distribution

Percentile by Number Answered

Percent of People with Each Score

Your Score History

You have not taken this quiz